• 首页
  • 本馆介绍
  • 公告通知
  • 最新文献
  • 馆藏检索
  • 电子资源
  • 读者导购
  • 参考咨询
  • 我的图书馆
  • 登录
  • 详细信息显示
  • 放入我的书架
  • 预约/预借图书
  • 作者相关作品
  • 分类相关作品
  • 丛书相关作品
  • 出版社相关作品

书目信息

  • 表格格式
  • 工作单格式
  • 卡片格式
题名:
庄子
    
 
作者: 孙通海 译注
分册:  
出版信息: 北京   中华书局  2010
页数: 287页
开本: 26cm
丛书名: 中华大字经典
单 册:
中图分类: B223.54
科图分类:
主题词: 道家
电子资源:
ISBN: 978-7-101-07218-1
000 00838oam2 2200277 45
001 1138419844
005 20110419110942.39
010    @a978-7-101-07218-1@dCNY25.00
100    @a20110406d2010 em y0chiy0110 ea
101 0  @achi
102    @aCN@b110000
105    @ay z 000yy
106    @ar
200 1  @a庄子@AZhuang Zi@f孙通海译注@FSun Tong Hai Yi Zhu
210    @a北京@c中华书局@d2010
215    @a287页@d26cm
225 2  @a中华大字经典
330    @a本书由内篇、外篇、杂篇三篇组成。主要内容包括:逍遥游;齐物论;养生主;人间世;德充符;大宗师;应帝王;骈拇;马蹄;在宥;天地;天道等。
461  0 @12001 @a中华大字经典
605    @a庄子@x译文
605    @a庄子
606 0  @a道家
690    @aB223.54@v4
701  0 @a孙通海@ASun Tong Hai@4译注
801  0 @aCN@bTANGWEI@c20110419
905    @b0535501-05@dB223.54@e399@f5
    
    庄子/孙通海译注.-北京:中华书局,2010
    287页;26cm.-(中华大字经典)
    
    
    ISBN 978-7-101-07218-1:CNY25.00
    本书由内篇、外篇、杂篇三篇组成。主要内容包括:逍遥游;齐物论;养生主;人间世;德充符;大宗师;应帝王;骈拇;马蹄;在宥;天地;天道等。
●
相关链接 在E读中查询图书 在五车中查询图书 在当当中查询图书 在豆瓣中查询图书


正题名:庄子     索取号:B223.54/399         预约/预借

序号 登录号 条形码 馆藏地/架位号 状态 备注
1 0535501   205355015   第一样本阅览室/ [索取号:B223.54/399] 在馆    
2 0535502   205355024   第一借阅区/ [索取号:B223.54/399] 在馆    
3 0535503   205355033   第一借阅区/ [索取号:B223.54/399] 在馆    
4 0535504   205355042   第一借阅区/ [索取号:B223.54/399] 在馆    
5 0535505   205355051   第一借阅区/ [索取号:B223.54/399] 在馆    
唐山师范学院图书馆 欢迎您!
大连网信软件有限公司© 版权所有